00742nam a2200205 a 4500001001000000003000500010005001700015008004100032010001100073011001100084040000900095100002900104245012000133260004100253500006000294502006100354650002200415650002900437856007000466000109286CHAP20220329144045.0140415s2013 mx sm |||||||spa d a105748 a106720 cCHAP1 aJiménez Roque, Ernesto10aEfecto de poda en el rendimiento de la higuerilla (Ricinus communis L.)h[En línea]cpor Ernesto Jiménez Roque. aChapingo, Méx. :bEl autor,c2013. aPara ver el contenido del material haga clic en la liga aTesis (Ing. Agr. Esp. en Fitotecnia) -- UACH. Fitotecnia14aHiguerillaxPoda.14aHiguerillaxRendimiento. aFinding aiduhttp://10.13.5.2/tesis/sist109286.pdfzTeclea aquí